Guess who: Biopics - Statistics

General Stats
  • This quiz has been taken 31 times
  • The average score is 22 of 41
Answer Stats
person/ people movie % Correct
Queen Rami Malek, Lucy Boynton Bohemian Rhapsody
97%
Mark Zuckerberg Jesse Eisenberg, Justin Timberlake The Social Network
90%
Oscar Schindler Liam Neeson, Ralph Fiennes Schindler's list
86%
Tonya Harding Alison Janney, Margot Robbie I, Tonya
83%
Alexander Hamilton Lin Manuel Miranda, Jonathon Shoff Hamilton
79%
Philippe Petit Joseph Gordon Levitt, Ben Kingsley, Cesar Domboy The Walk
79%
William Wallace Mel Gibson braveheart
76%
Elton John Richard Madden, Taron Egerton Rocketman
76%
Captain Sully Tom Hanks, Aaron Eckhart, Laura Linney Sully
76%
Stephen Hawking David thewlis, Eddie Redmayne, Felicity |Jones The Theory of Everything
76%
johnny cash and june carter Joaquin Phoenix, Reese Witherspoon Walk the line
76%
Steve Jobs Kate Winslet, Michael Fassbender, Seth Rogen Steve Jobs
72%
Alan Turing Matthew Goode, Mark strong, Keira knightley, Benedict Cumberbatch The Imitation Game
72%
J Edgar Hoover Leonardo Dicaprio, Naomi Watts J Edgar
69%
Frank Abignale Tom Hanks, Leonardo Dicaprio, Amy Adams Catch me if you can
66%
Pt Barnum Hugh Jackman, Zac Efron, Keala Settle The Greatest Showman
62%
Eddie the eagle Hugh Jackman, Taron Egerton Eddie the Eagle
59%
Amy Winehouse Documentary Amy
52%
Judy Garland Renee Zellweger, Rufus Sewell, Michael Gambon Judy
52%
Whitney Houston Documentary Whitney
52%
Elizabeth Tudor Cate Blanchett, Geoffrey Rush, Joseph Fiennes Elizabeth
48%
Edward Snowden Joseph Gordon Levitt, Shailene Woodley, Nicholas Cage, Rhys Ifans Snowden
48%
Nikola Tesla Ethan Hawke, Eve Hewson, Jim Gaffigan Tesla
48%
chicago 7 Mark Rylance, Sacha Baron Cohen, Eddie Redmayne, Joseph Gordon Levitt the Trial of the chicago 7
48%
J RR Tolkien Nicholas Hoult, Lily Collins Tolkien
48%
Fox news women sue boss Margot Robbie, Charlize Theron, Kate Mckinnon Bombshell
45%
Jeffrey Dahmer Ross Lynch, Alex Wolff, Dallas Roberts My Friend Dahmer
45%
Maria Von Trapp Christopher Plummer, Julie andrews Sound of Music
45%
Tupac Demetrius Shipp, Danai Gurira, Kat graham All Eyez on me
31%
Whitey Bulger JOhnny Depp, Dakta Johnson, Benedict Cumberbatch Black Mass
31%
Mary Stuart Margot Robbie, Saoirse Ronan Mary Queen of Scots
31%
Victoria and Abdul Judi Dench, Eddie Izzard, Michael Gambon Victoria and Abdul
31%
Catherine the Great Christoper PLummer, Julia Ormond, Vanessa Redgrave catherine the great
28%
Marie Curie Sam Riley, Anya Taylor Joy, Rosamund Pike Radioactive
28%
Ted Bundy Lily Collins, Kaya Scodelario, Zac Efron Extremely Wicked, Shockingly Evil and Vile
24%
Stan Laurel & Oliver Hardy Steve Coogan, John C Reilly, Shirley Henderson Stan & Ollie
24%
Victoria and Albert Emily Blunt, PAul Bettany, Rupert Friend Young Victoria
24%
Beatrix Potter Renee Zellweger, Ewan McGregor Miss Potter
21%
Ruth Bader Ginsberg Arnie Hammer, Felicity Jones On the Basis of Sex
21%
Thomas edison and Nikola Tesla Tom Holland, Benedict cumberbatch The Current War
21%
Michelle Payne Sam Neill, Teresa Palmer Ride Like a Girl
14%
No matching quizzes found
Score Distribution
Percent of People with Each Score
Percentile by Number Answered
Your Score History
You have not taken this quiz